000 00756nab a2200229 u 4500
001 10346
003 HDC
007 cr bn ---aaaaa
008 210104c mydr|noo 0 a may d
040 _aHDC
245 0 _aSainsbury's removes kosher food from shelves amid fears over protesters
260 _a[No place] :
_bThe Guardian,
_c[no year]
336 _atext
_2rdacontent
337 _acomputer
_2rdamedia
338 _aonline resource
_2rdacarrier
650 _aFood industry
_9536
650 _aGoods
_910589
856 _zRequest full-text at [email protected]
942 _2lcc
942 _cNEWS
942 _kNWSO 000462
999 _c7669
_d7669